000 00478nam a22001817a 4500
999 _c190235
_d190235
005 20220720172451.0
010 _aENG-133370
020 _c100.00
035 _aEN-116902
037 _bDBAD/PUB
082 _aN
100 _aRagi, Sri
245 _aNarayana And His Uncle/
_cSri Ragi
260 _aAndhra Pradesh
_bSri Krishna Publication
_c2015
270 _a87/395, kamalanagar B-Camp, Kurnool
_bAndhra Pradesh
300 _a76p.
_c21cm(pbk)
942 _2ddc
_cEN
_hN
_mRAG